'L' Sorting Gallery Quiz Stats

 Plays Quiz Updated May 11, 2019

Score 0/55 Timer 04:00
0 Plays Today
% Correct
London
94.9%
Lisbon
92.3%
Lungs
91.6%
Liver
91.1%
Luxembourg
89.2%
Large Intestine
89.1%
Lithium
88.8%
Lamborghini
88.4%
Lima
88%
Lira
87.6%
Land Rover
87.1%
Lutetium
86.8%
Larynx
86.7%
Lymph Nodes
86.1%
Lanthanum
84.9%
Lawrencium
83.9%
Louisiana
83.7%
Leo
83.6%
Livermorium
83%
Ligaments
82.9%
Leo Minor
82.2%
Library
81.2%
Leviticus
79.2%
Longbottom
79.1%
Lounge
78.8%
Libra
77.8%
Ljubljana
76.9%
Lovegood
76.5%
% Correct
Lead
76.2%
Lek
74.9%
Lestrange
73.4%
Libreville
73.4%
Luke
72.8%
Lev
70.3%
Leu
69.5%
Lamentations
68.4%
Lockhart
67.2%
Lusaka
65.4%
Lari
64.1%
Loti
63.2%
Luanda
62.1%
Lens
62%
Lomé
61.2%
Lilongwe
59.5%
Lupin
59.5%
Lyra
58.6%
Lancia
48.4%
Lynx
48.3%
Lepus
45.1%
Lupus
43.8%
Lada
41.1%
Lempira
33.2%
Lacerta
31.1%
Leone
26.8%
Lilangeni
18.2%

You're not logged in!

Compare scores with friends on all Sporcle quizzes.
OR
Log In

Show Comments

Extras

Top Quizzes Today


Score Distribution

Your Account Isn't Verified!

In order to create a playlist on Sporcle, you need to verify the email address you used during registration. Go to your Sporcle Settings to finish the process.

Report this User

Report this user for behavior that violates our Community Guidelines.

Details: